00369nam a22001457a 450000500170000001000130001702000230003003500130005303700200006608200110008610000260009724500420012326000370016530000210020220190620155741.0 aB-030201 a8126008075c200.00 aB-030201 bSahitya Akademi a808.81 aSreekantaiyaya, T.N.  aIndian Poetics/c T.N. Sreekantaiyaya aNew DelhibSahitya Akademic2001 a402p.c22cm.(Hb)